| 000 | 00404 a2200121 4500 | ||
|---|---|---|---|
| 001 | ART_45078 | ||
| 005 | 20260410162038.0 | ||
| 008 | 260409a | ||
| 245 | 1 | 0 | _aHacia una transformación económica de la Patagonia Austral |
| 100 | 1 | _aSchinelle, Daniel | |
| 700 | 1 | _aVacca, Carlos | |
| 773 | 0 |
_tRevista de estudios regionales y mercado de trabajo _g- N° 3 (ene./dic. 2007) _wREV44894 |
|
| 999 |
_c34648 _d34648 |
||